Fr. Conceicao Rodrigues College of Engineering

Electronic Instruments. (Record no. 22114)

MARC details
000 -LEADER
fixed length control field 00228nam a2200109Ia 4500
082 ## - DEWEY DECIMAL CLASSIFICATION NUMBER
Classification number 621.374/BAR
100 ## - MAIN ENTRY--PERSONAL NAME
Personal name Barapte/R .A.
245 ## - TITLE STATEMENT
Title Electronic Instruments.
260 ## - PUBLICATION, DISTRIBUTION, ETC.
Name of publisher, distributor, etc. Technova
Place of publication, distribution, etc. Pune
546 ## - LANGUAGE NOTE
Language note ENGLISH
942 ## - ADDED ENTRY ELEMENTS (KOHA)
Koha item type BOOK
Holdings
Withdrawn status Lost status Damaged status Not for loan Collection Home library Current library Date acquired Total Checkouts Full call number Barcode Date last seen Price effective from Koha item type
        AFT Fr. Agnel's C.Rodrigues College of Engineering Fr. Agnel's C.Rodrigues College of Engineering 17/03/2023   621.374/BAR AFT7899 17/03/2023   BOOK